<?xml version="1.0" encoding="UTF-8"?>
<record
    xmlns:xsi="http://www.w3.org/2001/XMLSchema-instance"
    xsi:schemaLocation="http://www.loc.gov/MARC21/slim http://www.loc.gov/standards/marcxml/schema/MARC21slim.xsd"
    xmlns="http://www.loc.gov/MARC21/slim">

  <leader>01777nam a2200325 i 4500</leader>
  <controlfield tag="003">CSPC</controlfield>
  <controlfield tag="005">20231010131315.0</controlfield>
  <controlfield tag="008">231002s2021    moua     b    001 0 eng  </controlfield>
  <datafield tag="010" ind1=" " ind2=" ">
    <subfield code="a">2020931963</subfield>
  </datafield>
  <datafield tag="020" ind1=" " ind2=" ">
    <subfield code="a">9780323596282</subfield>
    <subfield code="q">(spiral bound)</subfield>
  </datafield>
  <datafield tag="040" ind1=" " ind2=" ">
    <subfield code="a">DLC</subfield>
    <subfield code="c">DLC</subfield>
    <subfield code="d">CSPC</subfield>
    <subfield code="e">rda</subfield>
  </datafield>
  <datafield tag="050" ind1="0" ind2="0">
    <subfield code="a">RC925.7</subfield>
    <subfield code="b">.R44 2021</subfield>
  </datafield>
  <datafield tag="082" ind1=" " ind2="4">
    <subfield code="a">616.74075</subfield>
    <subfield code="b">R259m</subfield>
    <subfield code="2">23</subfield>
  </datafield>
  <datafield tag="100" ind1="1" ind2=" ">
    <subfield code="a">Reese, Nancy Berryman,</subfield>
    <subfield code="e">author.</subfield>
  </datafield>
  <datafield tag="245" ind1="1" ind2="0">
    <subfield code="a">Muscle and sensory testing /</subfield>
    <subfield code="c">Nancy Berryman Reese.</subfield>
  </datafield>
  <datafield tag="250" ind1=" " ind2=" ">
    <subfield code="a">Fourth edition.</subfield>
  </datafield>
  <datafield tag="264" ind1=" " ind2="1">
    <subfield code="a">St. Louis, Missouri :</subfield>
    <subfield code="b">Elsevier,</subfield>
    <subfield code="c">2021.</subfield>
  </datafield>
  <datafield tag="300" ind1=" " ind2=" ">
    <subfield code="a">vii, 629 pages :</subfield>
    <subfield code="b">illustrations ;</subfield>
    <subfield code="c">28 cm.</subfield>
  </datafield>
  <datafield tag="336" ind1=" " ind2=" ">
    <subfield code="2">rdacontent</subfield>
    <subfield code="a">text</subfield>
  </datafield>
  <datafield tag="337" ind1=" " ind2=" ">
    <subfield code="2">rdamedia</subfield>
    <subfield code="a">unmediated</subfield>
  </datafield>
  <datafield tag="338" ind1=" " ind2=" ">
    <subfield code="2">rdacarrier</subfield>
    <subfield code="a">volume</subfield>
  </datafield>
  <datafield tag="504" ind1=" " ind2=" ">
    <subfield code="a">Includes bibliographical references and index.</subfield>
  </datafield>
  <datafield tag="505" ind1="0" ind2=" ">
    <subfield code="a">Overview of muscle strength testing -- Techniques of manual muscle testing: upper extremity-- techniques of manual muscle testing: head, neck, and trunk-- techniques of manual testing lower extremity-- techniques of functional muscles testing-- techniques of pediatric muscle testing-- handheld dynamometry for muscle testing-- techniques of the sensory examination-- techniques of the remainder of the neurologic examination: coordination, mental status, cranial nerve, and superficial reflexes-- observation gait analysis as a screening tool-- average joint ranges of motion-- muscle innervations by spinal cord level-- muscle innervations by peripheral nerve-- index</subfield>
  </datafield>
  <datafield tag="650" ind1=" " ind2="0">
    <subfield code="a">Muscle strength</subfield>
    <subfield code="x">Testing.</subfield>
  </datafield>
  <datafield tag="650" ind1=" " ind2="0">
    <subfield code="a">Applied kinesiology.</subfield>
  </datafield>
  <datafield tag="650" ind1=" " ind2="0">
    <subfield code="a">Afferent pathways</subfield>
    <subfield code="x">Testing.</subfield>
  </datafield>
  <datafield tag="650" ind1=" " ind2="0">
    <subfield code="a">Sensory neurons</subfield>
    <subfield code="x">Testing.</subfield>
  </datafield>
  <datafield tag="942" ind1=" " ind2=" ">
    <subfield code="2">ddc</subfield>
    <subfield code="n">0</subfield>
    <subfield code="c">BK</subfield>
    <subfield code="e">23</subfield>
    <subfield code="h">616.74075 R259m</subfield>
    <subfield code="k">CIR</subfield>
    <subfield code="m">2021</subfield>
  </datafield>
  <datafield tag="952" ind1=" " ind2=" ">
    <subfield code="0">0</subfield>
    <subfield code="1">0</subfield>
    <subfield code="2">ddc</subfield>
    <subfield code="4">0</subfield>
    <subfield code="7">0</subfield>
    <subfield code="a">CSPC</subfield>
    <subfield code="b">CSPC</subfield>
    <subfield code="c">CIR</subfield>
    <subfield code="d">2023-10-02</subfield>
    <subfield code="l">0</subfield>
    <subfield code="o">CIR 616.74075 R259m 2021</subfield>
    <subfield code="p">025946</subfield>
    <subfield code="r">2023-10-02 00:00:00</subfield>
    <subfield code="t">1-1</subfield>
    <subfield code="w">2023-10-02</subfield>
    <subfield code="y">BK</subfield>
  </datafield>
  <datafield tag="999" ind1=" " ind2=" ">
    <subfield code="c">26201</subfield>
    <subfield code="d">26201</subfield>
  </datafield>
</record>
